000 01921nam0a2200409 4500
001 RU\NLR\BIBL_A\011511233
005 20171108153340.0
010 _a978-5-699-98544-9
_92000
021 _aRU
_b2017-75825
_95403
035 _a(NLR Aleph) 011511233
035 _a(RuMoRGB)009415253
090 _a12047917
_c12047917
100 _a20171101d2017 u y0rusy50 ca
101 1 _arus
_ceng
102 _aRU
105 _aa z 00ay
200 1 _aРомео и Джульетта
_aТрагедии
_fУильям Шекспир
_gперевод с английского [Б. Л. Пастернака, М. А. Кузмина
_gвступительная статья: В. Татаринов]
210 _aМосква
_cЭ
_d2017
215 _a765, [1] с., [8] л. ил.
_d20
225 1 _aБиблиотека классической литературы
225 1 _a100 главных книг
300 _aНа обороте тит.л. также: Серия "Библиотека всемирной литературы" ISBN 978-5-699-98543-2
327 1 _aСодерж.: Ромео и Джульетта; Гамлет, принц Датский; Отелло; Король Лир; Макбет
333 _a16+
686 _aШ5(4Вл)43-661
_2rubbk
686 _aШ5(2=Р)73-657Пастернак Б.Л.
_2rubbk
686 _aШ5(2=Р)72-657Кузмин М.А.
_2rubbk
686 1 _aШ6(4Вл)437-61{Лх1293-215}
700 1 _aШекспир
_bУ.
_f1564-1616
_gУильям
_3RU\NLR\AUTH\771995
702 1 _aПастернак
_bБ. Л.
_f1890-1960
_gБорис Леонидович
_3RU\NLR\AUTH\7737
_4730
702 1 _aКузмин
_bМ. А.
_cпоэт
_f1872-1936
_gМихаил Алексеевич
_3RU\NLR\AUTH\779851
_4730
942 _cBOOK
980 _aNBR
980 _aNB